Bioinformatics : managing scientific data (Record no. 855)

MARC details
000 -LEADER
fixed length control field 00477 a2200181 4500
001 - CONTROL NUMBER
control field 066859
003 - CONTROL NUMBER IDENTIFIER
control field OSt
005 - DATE AND TIME OF LATEST TRANSACTION
control field 20211018150945.0
008 - FIXED-LENGTH DATA ELEMENTS--GENERAL INFORMATION
fixed length control field
082 ## - DEWEY DECIMAL CLASSIFICATION NUMBER
Classification number 570.285
Item number B52B
100 1# - MAIN ENTRY--PERSONAL NAME
Personal name Lacroix, Zoe
245 1# - TITLE STATEMENT
Title Bioinformatics : managing scientific data
Statement of responsibility, etc by Zoe Lacroix and Terence Critchlow
260 ## - PUBLICATION, DISTRIBUTION, ETC. (IMPRINT)
Place of publication, distribution, etc New Delhi
Name of publisher, distributor, etc Elsevier
Date of publication, distribution, etc 2004
300 ## - PHYSICAL DESCRIPTION
Extent 441p.
690 ## - LOCAL SUBJECT ADDED ENTRY--TOPICAL TERM (OCLC, RLIN)
Topical term or geographic name as entry element Bioinformatics
700 ## - ADDED ENTRY--PERSONAL NAME
Personal name Critchlow, Terence
942 ## - ADDED ENTRY ELEMENTS (KOHA)
Source of classification or shelving scheme Dewey Decimal Classification
Koha item type Books
Holdings
Withdrawn status Lost status Source of classification or shelving scheme Damaged status Not for loan Collection code Home library Current library Date acquired Source of acquisition Cost, normal purchase price Full call number Barcode Date last seen Price effective from Koha item type
    Dewey Decimal Classification     General Text Book Central University Of Rajasthan Central University Of Rajasthan 07/03/2012 CSC 395.00 570.285 B52B 1145 21/11/2024 02/09/2020 Books